[Event "WC-2015-P-00011"]
[Site "LSS email"]
[Date "2015.01.19"]
[Round "?"]
[White "Wittal, Werner"]
[Black "Wantoch Rekowski, Jacek"]
[Result "1-0"]
[WhiteElo "2071"]
[BlackElo "1792"]
[PlyCount "83"]
[EventDate "2015.01.25"]
[EventType "tourn (corr)"]
[EventRounds "12"]
[EventCountry "GER"]
[SourceTitle "Corr 2022"]
[Source "ChessBase"]
[SourceDate "2021.10.24"]
[SourceVersion "1"]
[SourceVersionDate "2021.10.24"]
[SourceQuality "1"]

1. e4 c5 2. Nf3 d6 3. Bb5+ Bd7 4. Bxd7+ Qxd7 5. 0-0 Nc6 6. Qe2 Nf6 7. Rd1 e6 8. d4 cxd4 9. Nxd4 Be7 10. c4 Nxd4 11. Rxd4 Qc6 12. Nc3 0-0 13. b3 Rfb8 14. Ba3 a6 15. Rd3 Qc7 16. Rad1 Rd8 17. Qd2 Ne8 18. Bb4 Bf6 19. Na4 b6 20. g3 Qc6 21. Bxd6 b5 22. e5 Bxe5 23. Bxe5 Rxd3 24. Qxd3 bxa4 25. b4 h6 26. a3 f6 27. Bf4 Kh8 28. b5 axb5 29. cxb5 Qb7 30. Qd7 Qe4 31. b6 e5 32. Be3 Rb8 33. Qa7 Ra8 34. Qe7 Qc2 35. Rc1 Qe4 36. h4 Kh7 37. Rd1 Rb8 38. Rd7 Rxb6 39. Bxb6 Qb1+ 40. Kg2 Qxb6 41. Qxe8 Qc6+ 42. Kh2 1-0

[Event "BI-2014-F-0000"]
[Site "LSS email"]
[Date "2014.02.21"]
[Round "?"]
[White "Trani, Francesco"]
[Black "Wantoch Rekowski, Jacek"]
[Result "1-0"]
[WhiteElo "1770"]
[BlackElo "1852"]
[PlyCount "63"]
[EventDate "2014.02.27"]
[EventType "tourn (corr)"]
[EventRounds "10"]
[EventCountry "GER"]
[SourceTitle "Corr 2022"]
[Source "ChessBase"]
[SourceDate "2021.10.24"]
[SourceVersion "1"]
[SourceVersionDate "2021.10.24"]
[SourceQuality "1"]

1. e4 c5 2. Nf3 d6 3. d4 cxd4 4. Nxd4 Nf6 5. Nc3 a6 6. Be2 e5 7. Nb3 Be7 8. 0-0 0-0 9. Kh1 b6 10. f3 Re8 11. Be3 Nbd7 12. Nd5 Nxd5 13. Qxd5 Rb8 14. Qd2 Nf6 15. c4 Be6 16. Rfd1 Qd7 17. Nc1 b5 18. cxb5 axb5 19. Nd3 Red8 20. Qe1 Qb7 21. Rdc1 Rbc8 22. a4 Rxc1 23. Qxc1 bxa4 24. Rxa4 Qb8 25. Qc3 Rc8 26. Qb4 Qxb4 27. Nxb4 Bf8 28. Ba6 Ra8 29. Bd2 d5 30. Nxd5 Nxd5 31. exd5 Bxd5 32. Ra5 1-0

[Event "BI-2014-F-0000"]
[Site "LSS email"]
[Date "2014.02.21"]
[Round "?"]
[White "Wantoch Rekowski, Jacek"]
[Black "Sandocal, Uzmir"]
[Result "0-1"]
[WhiteElo "1852"]
[BlackElo "1783"]
[PlyCount "100"]
[EventDate "2014.02.27"]
[EventType "tourn (corr)"]
[EventRounds "10"]
[EventCountry "GER"]
[SourceTitle "Corr 2022"]
[Source "ChessBase"]
[SourceDate "2021.10.24"]
[SourceVersion "1"]
[SourceVersionDate "2021.10.24"]
[SourceQuality "1"]

1. e4 d5 2. exd5 Qxd5 3. Nc3 Qd6 4. d4 Nf6 5. Nf3 Nc6 6. Nb5 Qd8 7. c4 e6 8. Be2 Bb4+ 9. Nc3 b6 10. 0-0 0-0 11. Qa4 Bb7 12. Rb1 Qd7 13. Qb3 Rad8 14. Rd1 Be7 15. Qa4 Nh5 16. d5 Nb8 17. Qxd7 Nxd7 18. dxe6 Nc5 19. exf7+ Rxf7 20. Nd5 Bxd5 21. cxd5 Nf6 22. Ne5 Rff8 23. Nc6 Rde8 24. Be3 Bd6 25. Re1 Kh8 26. Rbd1 Na4 27. Rd2 a5 28. a3 Bc5 29. Bf3 Bxe3 30. fxe3 Nc5 31. b4 axb4 32. axb4 Nce4 33. Rd3 h6 34. Rc1 Rf7 35. Rd4 g6 36. Re1 Kg7 37. h3 Rd7 38. Red1 Ng5 39. R4d3 Nge4 40. Kf1 h5 41. b5 g5 42. Bxe4 Nxe4 43. Kg1 h4 44. Ra3 Kg6 45. Rdd3 Nf6 46. Nb4 Re4 47. Rab3 Rc4 48. Rdc3 Rc5 49. Rxc5 bxc5 50. Na6 Ne4 0-1

[Event "CP-2013-P-00019"]
[Site "LSS email"]
[Date "2013.09.30"]
[Round "?"]
[White "Kolanek, Roman"]
[Black "Wantoch Rekowski, Jacek"]
[Result "1-0"]
[WhiteElo "1916"]
[BlackElo "1739"]
[PlyCount "115"]
[EventDate "2013.10.01"]
[EventType "tourn (corr)"]
[EventRounds "6"]
[EventCountry "GER"]
[SourceTitle "Corr 2015"]
[Source "ChessBase"]
[SourceDate "2015.07.17"]
[SourceVersion "1"]
[SourceVersionDate "2015.07.17"]
[SourceQuality "1"]

1. d4 d5 2. c4 e6 3. Nc3 Nf6 4. Nf3 c6 5. Bf4 dxc4 6. e3 b5 7. Be2 Bb7 8. Qc2 a6 9. 0-0 Nbd7 10. Rfd1 c5 11. dxc5 Bxc5 12. a4 b4 13. Nb1 0-0 14. Ne5 Be4 15. Qxc4 Bd5 16. Qc2 Be7 17. Nc4 Qc8 18. Nbd2 Qc6 19. Rac1 Bxg2 20. Nd6 Qxc2 21. Rxc2 Bh3 22. Bg3 e5 23. N2c4 Be6 24. Rcd2 e4 25. Na5 b3 26. Rc1 Bxd6 27. Rxd6 h6 28. Kg2 Rfc8 29. Rxc8+ Rxc8 30. Nc6 Ra8 31. Nd4 Bd5 32. Bh4 a5 33. h3 Ra7 34. Nb5 Rb7 35. Ra6 g5 36. Bg3 Rb6 37. Rxa5 Rc6 38. Nd4 Rc1 39. Bb5 Bc4 40. Ra8+ Kh7 41. Bxc4 Rxc4 42. Ra6 Rc1 43. Bd6 Nd5 44. a5 Rb1 45. Ba3 Ne5 46. Ra7 Rd1 47. Rb7 Rd2 48. Kf1 Nd3 49. Rxf7+ Kg6 50. Rf8 Rd1+ 51. Kg2 Rd2 52. Kg1 Nxb2 53. a6 Nd3 54. a7 Nc7 55. Nb5 Ra2 56. Nxc7 Rxa3 57. a8Q Rxa8 58. Rxa8 1-0

[Event "CP-2013-P-00019"]
[Site "LSS email"]
[Date "2013.09.30"]
[Round "?"]
[White "Trani, Francesco"]
[Black "Wantoch Rekowski, Jacek"]
[Result "1/2-1/2"]
[WhiteElo "1680"]
[BlackElo "1739"]
[PlyCount "93"]
[EventDate "2013.10.01"]
[EventType "tourn (corr)"]
[EventRounds "6"]
[EventCountry "GER"]
[SourceTitle "Corr 2015"]
[Source "ChessBase"]
[SourceDate "2015.07.17"]
[SourceVersion "1"]
[SourceVersionDate "2015.07.17"]
[SourceQuality "1"]

1. d4 d5 2. c4 e6 3. Nc3 Nf6 4. cxd5 exd5 5. Bg5 Be7 6. e3 c6 7. Bd3 Nbd7 8. Qc2 0-0 9. Nge2 Re8 10. 0-0 h6 11. Bf4 Bf8 12. a3 Nh5 13. b4 Nxf4 14. Nxf4 a6 15. Rfb1 Bd6 16. a4 Bxf4 17. exf4 Nf8 18. b5 axb5 19. axb5 Rxa1 20. Rxa1 Qf6 21. bxc6 bxc6 22. Rc1 Qxf4 23. Ne2 Qg5 24. h4 Qxh4 25. Qxc6 Rd8 26. Ra1 Bg4 27. Nf4 Bf3 28. Qb6 Be4 29. Bxe4 dxe4 30. d5 Qg5 31. d6 Kh7 32. g3 Nd7 33. Qb7 Qe5 34. Rd1 Qf5 35. Rd5 Qg4 36. Rd4 f5 37. Qc7 Rb8 38. Qxd7 Rb1+ 39. Kh2 Rb2 40. Kg1 e3 41. Qe6 Rd2 42. Qxe3 Qd1+ 43. Kh2 Rxd4 44. Qe5 Rxd6 45. Qxf5+ Kg8 46. Ne6 Rd7 47. Qf8+ 1/2-1/2

[Event "CP-2013-P-00019"]
[Site "LSS email"]
[Date "2013.09.30"]
[Round "?"]
[White "Wantoch Rekowski, Jacek"]
[Black "Mostowik, Daniel"]
[Result "1/2-1/2"]
[WhiteElo "1739"]
[BlackElo "1883"]
[PlyCount "106"]
[EventDate "2013.10.01"]
[EventType "tourn (corr)"]
[EventRounds "6"]
[EventCountry "GER"]
[SourceTitle "Corr 2015"]
[Source "ChessBase"]
[SourceDate "2015.07.17"]
[SourceVersion "1"]
[SourceVersionDate "2015.07.17"]
[SourceQuality "1"]

1. e4 e5 2. Nf3 Nc6 3. Bb5 a6 4. Ba4 Nf6 5. 0-0 Be7 6. Re1 b5 7. Bb3 0-0 8. c3 d6 9. h3 Bb7 10. d4 Re8 11. Nbd2 exd4 12. cxd4 Na5 13. Bc2 c5 14. d5 Nd7 15. Rb1 Bf6 16. b3 Bc8 17. Nf1 Nb7 18. a3 h6 19. Ne3 Nf8 20. Ng4 Bxg4 21. hxg4 Na5 22. Qe2 Ng6 23. a4 b4 24. Bd2 Qc8 25. g5 hxg5 26. Nxg5 c4 27. Qh5 Bxg5 28. Qxg5 cxb3 29. Bd3 Ne5 30. Bf1 f6 31. Qf4 Qb7 32. Be3 Rac8 33. Bd4 Nec4 34. Be2 Na3 35. Bh5 Nxb1 36. Rxb1 Qc7 37. Bg6 b2 38. Kh2 Qc1 39. Be3 Qc3 40. Qh4 Nc4 41. Qh7+ Kf8 42. Bh6 Ke7 43. Bxg7 Qe5+ 44. g3 Kd8 45. Bxe8 Kxe8 46. Qg6+ Ke7 47. f4 Qd4 48. Qf5 Qd2+ 49. Kh3 Kd8 50. Qxf6+ Kc7 51. Qd4 Qxd4 52. Bxd4 Re8 53. f5 Kd7 1/2-1/2